Statistics for Houston Basketball: Top 10 All-Time Leaders

Click here to take the quiz!

General Stats

  • This quiz has been taken 8 times
    (1 since last reset)
  • The average score is 6 of 91

Answer Stats

Category#PlayerAmount% Correct
Field Goal Percent9Clyde Drexler53.8%
100%
Steals1Clyde Drexler268
100%
Rebounds6Clyde Drexler948
100%
Blocks1Hakeem Olajuwon454
100%
Rebounds2Hakeem Olajuwon1,067
100%
Field Goal Percent1Hakeem Olajuwon63.9%
100%
Assists7Alvin Franklin425
0%
Points9Alvin Franklin1,684
0%
Three Pointers Made6Andre Owens227
0%
Blocks5Anwar Ferguson160
0%
Three Pointers Made5Armoni Brooks229
0%
Steals7Aubrey Coleman168
0%
Points Per Game3Aubrey Coleman22.6
0%
Blocks3Bo Outlaw211
0%
Blocks9Brison Gresham131
0%
Three Pointers Made7Corey Davis Jr.214
0%
Field Goal Percent4Craig Upchurch55.6%
0%
GamesT8Craig Upchurch126
0%
Points4Craig Upchurch1,880
0%
Steals9Craig Upchurch158
0%
Three Pointers Made9Damon Jones182
0%
Blocks6Danrad Knowles137
0%
GamesT8Danrad Knowles126
0%
Field Goal Percent5David Marrs55.4%
0%
Assists10DeJon Jarreau343
0%
Assists2Derrick Daniels711
0%
Rebounds9Don Boldebuck832
0%
Rebounds5Dwight Davis961
0%
Points7Dwight Davis1,741
0%
Points Per Game8Dwight Davis20.7
0%
Field Goal Percent10Elvin Hayes53.6%
0%
Points Per Game1Elvin Hayes31.0
0%
Points1Elvin Hayes2,884
0%
Rebounds1Elvin Hayes1,602
0%
Blocks10Fabian White Jr.130
0%
Games1Fabian White Jr.149
0%
Assists4Galen Robinson, Jr.578
0%
StealsT10Galen Robinson, Jr.157
0%
GamesT3Galen Robinson Jr.136
0%
Points Per Game9Gee Gervin19.2
0%
GamesT6George Walker129
0%
Points10Greg Anderson1,662
0%
Field Goal Percent6Greg Anderson55.0%
0%
Rebounds3Greg Anderson1,045
0%
Blocks2Greg Anderson227
0%
Assists3Jamal Shead693
0%
Games2Jamal Shead138
0%
Steals2Jamal Shead226
0%
Three Pointers Made4Jherrod Stiggers243
0%
Rebounds10J'Wan Roberts812
0%
GamesT3J'Wan Roberts136
0%
Steals8Ken Ciolli159
0%
GamesT6Ken Ciolli129
0%
Assists6Ken Ciolli456
0%
GamesT8Kenneth Williams126
0%
Rebounds7Ken Spain859
0%
Three Pointers Made3Kevin Lewis251
0%
Assists5Lanny Smith502
0%
Three Pointers Made8Lanny Smith183
0%
Field Goal Percent2Larry Michaeux58.7%
0%
Blocks8Larry Micheaux132
0%
Points6Louis Dunbar1,760
0%
Points Per Game4Louis Dunbar22.3
0%
Three Pointers Made1Marcus Sasser276
0%
Points3Michael Young2,043
0%
Steals3Michael Young215
0%
Games5Michael Young134
0%
Steals5Oliver Lafayette183
0%
Points Per Game5Ollie Taylor22.0
0%
Steals6Otis Birdsong174
0%
Field Goal Percent7Otis Birdsong54.7%
0%
Assists9Otis Birdsong355
0%
Points Per Game2Otis Birdsong24.4
0%
Points2Otis Birdsong2,832
0%
Assists1Reid Gettys740
0%
Steals4Rickie Winslow207
0%
Field Goal Percent8Rickie Winslow54.7%
0%
Rebounds4Rickie Winslow969
0%
Points8Rob Gray1,710
0%
Points Per Game10Rob Gray18.8
0%
Three Pointers Made10Rob Gray172
0%
Points Per Game6Rob McKiver21.4
0%
Three Pointers Made2Rob McKiver261
0%
Points Per Game7Rob Williams20.9
0%
Assists8Rob Williams407
0%
StealsT10Rob Williams157
0%
Points5Rob Williams1,838
0%
Rebounds8TaShawn Thomas833
0%
Blocks4TaShawn Thomas209
0%
Field Goal Percent3TaShawn Thomas57.1%
0%
Blocks7Tim Moore133
0%

Score Distribution

Percentile by Number Answered

Percent of People with Each Score

Your Score History

You have not taken this quiz since the last reset